000 01223cam a22003131i 4500
003 SA-RiAUC
005 20241029081759.0
008 241024s2007 le g b 000 0 ara c
020 _a9781855165960
040 _aIQ-KaIHL
_bara
_cSA-RiAUC.
_erda
041 1 _aara
_hund
050 4 _b. A75912 2007
082 0 4 _a189.1
_qSA-RiAUC
090 _a189.1
_bأ ر ك
100 1 _aأركون، محمد،
_d1928-2010
_eمؤلف.
245 1 2 _aالفكر الأصولي واستحالة التأصيل :
_bنحو تاريخ آخر للفكر الإسلامي /
_cتأليف محمد أركون ؛ ترجمة هاشم صالح.
250 _aالطبعة الثالثة.
264 1 _aبيروت :
_bدار الساقي،
_c2007
300 _a352 صفحة
336 _aنص
_btxt
_2rdacontent
_3كتاب
337 _aبدون وسيط
_bn
_2rdamedia
338 _aمجلد
_bnc
_2rdacarrier
504 _aببليوجرافية : صفحة 352.
504 _aيشتمل على إرجاعات ببليوجرافية.
650 7 _aالفلسفة الإسلامية
_xتاريخ
_2aucsh
700 1 _aصالح، هاشم،
_d1950-
_eمترجم.
942 _2ddc
_cBOOK
_n0
949 _aSA-JeALM
_d241024
_umohamedma123
_n1
999 _c1863
_d1863